000 01504nam a2200337 a 4500
001 ebr10055355
003 CaPaEBR
006 m u
007 cr cn|||||||||
008 971112s1997 dcu sb 000 0 eng
010 _z 97214302
020 _z0309058805
040 _aCaPaEBR
_cCaPaEBR
035 _a(OCoLC)42328524
050 1 4 _aHA201.12
_b.P74 1997eb
082 0 4 _a304.6/0723
_221
245 0 0 _aPreparing for the 2000 census
_h[electronic resource] :
_binterim report II /
_cAndrew A. White and Keith F. Rust, editors.
260 _aWashington, D.C. :
_bNational Academy Press,
_c1997.
300 _av, 98 p.
500 _a"Panel to Evaluate Alternative Census Methodologies, Committee on National Statistics, Commission on Behavioral and Social Sciences and Education, National Research Council."
500 _aAppendix includes: Sampling in the 2000 census : interim report I.
504 _aIncludes bibliographical references (p. 79-84).
533 _aElectronic reproduction.
_bPalo Alto, Calif. :
_cebrary,
_d2013.
_nAvailable via World Wide Web.
_nAccess may be limited to ebrary affiliated libraries.
651 0 _aUnited States
_vCensus, 2000
_xMethodology.
655 7 _aElectronic books.
_2local
700 1 _aWhite, Andrew A.
700 1 _aRust, Keith.
710 2 _aebrary, Inc.
740 0 2 _aSampling in the 2000 census.
856 4 0 _uhttp://site.ebrary.com/lib/rucke/Doc?id=10055355
_zAn electronic book accessible through the World Wide Web; click to view
999 _c64789
_d64789